000 00467nam a22001817a 4500
003 MPLRDC
005 20220104114113.0
008 210129b ||||| |||| 00| 0 eng d
020 _a7-5035-0807-8
082 _a782.886 JJS-9
100 _a河阳、来凤、弘杉、京伟
245 _a蒋介石揭秘
_c
250 _a一版一刷
260 _a
_b中共中央党校出版社
_c1994
300 _b
650 _a蒋介石传记
942 _cBK
_o782.886 JJS-9
999 _c4842
_d4832